000 00335nam a2200133Ia 4500
008 231129s1986||||xx |||||||||||||| ||spa||
020 _a84-7634-678-6
040 _bspa
082 _a620.8 M489
245 0 _aMedio ambiente y electronica
260 _c1986
264 _aOrbis
942 _2ddc
_cBKS
999 _c20874
_d20874